[Event "NATO-ch 22nd"]
[Site "Kaunas"]
[Date "2011.08.10"]
[Round "4.25"]
[White "Ivsek, Cveto"]
[Black "Maciokas, Kostas"]
[Result "0-1"]
[WhiteElo "1823"]
[BlackElo "2079"]
[PlyCount "104"]
[EventDate "2011.08.??"]
[EventType "swiss"]
[EventRounds "7"]
[EventCountry "LTU"]
[WhiteTeam "SLO"]
[BlackTeam "LTU"]

1. d4 d5 2. c4 Nf6 3. Nc3 e6 4. Bf4 c6 5. a3 Nbd7 6. e3 Be7 7. Bd3 dxc4 8. Bxc4
Nb6 9. Bd3 O-O 10. Qc2 Nbd5 11. Be5 h6 12. Nge2 Qa5 13. O-O Bd7 14. Rfc1 Rfc8
15. Ne4 Nxe4 16. Bxe4 c5 17. Qd1 c4 18. Nf4 Nxf4 19. Bxf4 Bc6 20. Qf3 Bxe4 21.
Qxe4 Qd5 22. Qc2 Rc6 23. Qa4 b5 24. Qa5 Bd8 25. Qd2 a5 26. Qe2 Bf6 27. h3 Rac8
28. Rc3 Qf5 29. Rac1 Bxd4 30. exd4 Qxf4 31. Rd1 Rd8 32. Rf3 Qc7 33. Rg3 Rd5 34.
Qe3 Kh8 35. Qc3 Rcd6 36. Rg4 Qd8 37. Qf3 Kg8 38. Qf4 e5 39. Qg3 g6 40. Qe3 Kg7
41. Re4 exd4 42. Qe1 a4 43. Re8 Qf6 44. Qb4 d3 45. Qd2 Rd8 46. Rde1 Rxe8 47.
Rxe8 Re5 48. Rxe5 Qxe5 49. Kf1 Qg5 50. Qc3+ Kh7 51. g3 Qd5 52. Ke1 Qe4+ 0-1

[Event "NATO-ch 22nd"]
[Site "Kaunas"]
[Date "2011.08.10"]
[Round "4.26"]
[White "Berrak, Sedat"]
[Black "Geroly, Jozsef"]
[Result "0-1"]
[WhiteElo "2078"]
[BlackElo "1978"]
[PlyCount "76"]
[EventDate "2011.08.??"]
[EventType "swiss"]
[EventRounds "7"]
[EventCountry "LTU"]
[WhiteTeam "TUR"]
[BlackTeam "HUN"]

1. e4 g6 2. d4 Bg7 3. Bc4 d6 4. Nf3 a6 5. Bb3 b5 6. O-O Bb7 7. Nbd2 Nd7 8. c3
c5 9. Re1 c4 10. Bc2 Qc7 11. Nf1 Ngf6 12. Bg5 O-O 13. Qd2 e5 14. Rad1 Rad8 15.
Ng3 Rfe8 16. d5 Rc8 17. Bh6 Qb6 18. Nh4 Bxh6 19. Qxh6 Qxf2+ 20. Kh1 Ng4 21. Qc1
Qf6 22. Nf3 Nf2+ 23. Kg1 Nxd1 24. Bxd1 Qf4 25. Qc2 Nf6 26. Qe2 Rc7 27. Qf2 Nd7
28. Bc2 Nc5 29. Ne2 Qh6 30. h4 Bc8 31. Kf1 Rf8 32. Nh2 f6 33. b4 cxb3 34. axb3
Qd2 35. Bd1 Nd3 36. Nf3 Qh6 37. Qb6 Rcf7 38. Qxd6 Qe3 0-1

[Event "NATO-ch 22nd"]
[Site "Kaunas"]
[Date "2011.08.10"]
[Round "4.27"]
[White "Dekker, Ard"]
[Black "Toll, Alec J"]
[Result "1/2-1/2"]
[WhiteElo "1889"]
[BlackElo "2070"]
[PlyCount "26"]
[EventDate "2011.08.??"]
[EventType "swiss"]
[EventRounds "7"]
[EventCountry "LTU"]
[WhiteTeam "NED"]
[BlackTeam "ENG"]

1. Nf3 f5 2. d4 Nf6 3. Bg5 e6 4. Nbd2 Be7 5. Bxf6 Bxf6 6. e4 O-O 7. Bd3 d5 8.
e5 Be7 9. O-O c5 10. c3 Nc6 11. dxc5 Bxc5 12. Nb3 Bb6 13. Qe2 Bd7 1/2-1/2

[Event "NATO-ch 22nd"]
[Site "Kaunas"]
[Date "2011.08.10"]
[Round "4.28"]
[White "Van den Heuvel, Tonnie"]
[Black "Sypien, Mateusz"]
[Result "0-1"]
[WhiteElo "1934"]
[BlackElo "2283"]
[PlyCount "156"]
[EventDate "2011.08.??"]
[EventType "swiss"]
[EventRounds "7"]
[EventCountry "LTU"]
[WhiteTeam "NED"]
[BlackTeam "POL"]

1. e4 c5 2. c4 Nc6 3. Ne2 g6 4. d4 cxd4 5. Nxd4 Bg7 6. Be3 Nf6 7. f3 O-O 8. Qd2
d6 9. Be2 Nd7 10. O-O a5 11. Nc3 Nc5 12. Rfd1 Be6 13. Bf1 Nxd4 14. Bxd4 Qb6 15.
Rab1 Rfc8 16. Qf2 a4 17. Bxg7 Kxg7 18. Rbc1 Kg8 19. Rd2 Qa5 20. Rdc2 Na6 21.
Nd5 Bxd5 22. cxd5 Rxc2 23. Qxc2 Nc5 24. Qc3 Qa7 25. Kh1 Qa5 26. Qxa5 Rxa5 27.
g4 g5 28. Kg2 Kg7 29. Kf2 Kf6 30. Ke3 Ke5 31. h4 h6 32. hxg5 hxg5 33. Rc2 Ra8
34. Rh2 a3 35. Bc4 axb2 36. Rxb2 Ra3+ 37. Bb3 b5 38. Rb1 Nxb3 39. Rxb3 Rxa2 40.
Rxb5 Ra3+ 41. Ke2 Kf4 42. Rb7 Rxf3 43. Rxe7 Kxg4 44. e5 dxe5 45. d6 Rf4 46. d7
Rd4 47. Rxf7 Rd6 48. Ke3 Rd4 49. Re7 Kf5 50. Rf7+ Ke6 51. Rg7 Kf6 52. Rh7 g4
53. Rh6+ Kf5 54. Rh5+ Ke6 55. Rg5 Rxd7 56. Rxg4 Kf5 57. Rb4 Ra7 58. Rb3 Ra1 59.
Rb2 Ra3+ 60. Ke2 Kf4 61. Rb4+ e4 62. Rb7 Ra2+ 63. Kd1 Kf3 64. Rf7+ Ke3 65. Rh7
Ra1+ 66. Kc2 Rf1 67. Re7 Kf3 68. Rf7+ Ke2 69. Re7 e3 70. Re8 Rf7 71. Kc3 Ra7
72. Re6 Kf2 73. Rf6+ Ke1 74. Re6 e2 75. Kc2 Ra2+ 76. Kc1 Ra4 77. Rf6 Rc4+ 78.
Kb2 Kd2 0-1

[Event "NATO-ch 22nd"]
[Site "Kaunas"]
[Date "2011.08.10"]
[Round "4.29"]
[White "Krainski, Slawomir"]
[Black "Adolfssen, Rico"]
[Result "1/2-1/2"]
[WhiteElo "2099"]
[BlackElo "1912"]
[PlyCount "40"]
[EventDate "2011.08.??"]
[EventType "swiss"]
[EventRounds "7"]
[EventCountry "LTU"]
[WhiteTeam "POL"]
[BlackTeam "DEN"]

1. e4 e6 2. d4 d5 3. Nc3 Nf6 4. Bg5 Be7 5. e5 Nfd7 6. h4 c5 7. Bxe7 Qxe7 8. Nb5
O-O 9. c3 cxd4 10. cxd4 Qb4+ 11. Qd2 Qxd2+ 12. Kxd2 Nc6 13. Nf3 Nb6 14. Be2 Bd7
15. Ke3 Nb4 16. Rac1 Bxb5 17. Bxb5 Rfc8 18. a3 a6 19. Be2 Nc6 20. Nd2 Ne7
1/2-1/2

[Event "NATO-ch 22nd"]
[Site "Kaunas"]
[Date "2011.08.10"]
[Round "4.30"]
[White "Ross, David C"]
[Black "Pirs, Matjaz2"]
[Result "0-1"]
[WhiteElo "1925"]
[BlackElo "2066"]
[PlyCount "98"]
[EventDate "2011.08.??"]
[EventType "swiss"]
[EventRounds "7"]
[EventCountry "LTU"]
[WhiteTeam "NATO"]
[BlackTeam "SLO"]

1. e4 e5 2. Nf3 Nc6 3. Bb5 d6 4. h3 Nf6 5. Qe2 Be7 6. c3 O-O 7. O-O a6 8. Ba4
b5 9. Bb3 Na5 10. Bc2 c5 11. d4 Qc7 12. dxe5 dxe5 13. Bg5 Be6 14. b3 Nc6 15.
Nbd2 Qa5 16. Qe3 Rac8 17. a3 Nd4 18. Bd1 Nxf3+ 19. Nxf3 Qc7 20. Bc2 Rfd8 21.
Rfd1 a5 22. Rd2 Rxd2 23. Nxd2 h6 24. Bh4 g5 25. Bg3 Nh5 26. Qe2 Nxg3 27. fxg3
Qb6 28. Kh2 Rd8 29. Rd1 f6 30. Qh5 Kg7 31. Nf1 c4 32. Rxd8 Qxd8 33. b4 axb4 34.
axb4 Bf7 35. Qf3 Be6 36. g4 Qd7 37. Ng3 Qd2 38. Bd1 Qc1 39. Nf5+ Bxf5 40. gxf5
Qf4+ 41. g3 Qxf3 42. Bxf3 Bd8 43. g4 Bb6 44. Kg2 Be3 45. Kf1 Bd2 46. Ke2 Bxc3
47. Kd1 Bxb4 48. Kc2 Kf7 49. Be2 Ke7 0-1

[Event "NATO-ch 22nd"]
[Site "Kaunas"]
[Date "2011.08.10"]
[Round "4.31"]
[White "Demjen, Attila"]
[Black "Giedraitis, Mingaudas"]
[Result "0-1"]
[WhiteElo "2032"]
[BlackElo "1800"]
[PlyCount "112"]
[EventDate "2011.08.??"]
[EventType "swiss"]
[EventRounds "7"]
[EventCountry "LTU"]
[WhiteTeam "HUN"]
[BlackTeam "NATO"]

1. e4 d5 2. exd5 Qxd5 3. d4 Bf5 4. c4 Qd8 5. Nf3 Nf6 6. Qb3 b6 7. Nc3 e6 8. Bf4
Bd6 9. Be5 O-O 10. Rd1 Ne4 11. Nxe4 Bxe4 12. Qe3 Bxf3 13. Bxd6 Bxd1 14. Bxf8
Kxf8 15. Qe4 Nd7 16. Kxd1 Nf6 17. Qd3 Qd6 18. Kc2 Rd8 19. Be2 Qxd4 20. Qa3+ Qd6
21. Qxd6+ Rxd6 22. Rd1 Rxd1 23. Bxd1 c5 24. Bf3 Ke7 25. Kb3 Ne8 26. Kc3 Nd6 27.
b4 cxb4+ 28. Kxb4 a5+ 29. Kc3 e5 30. Bd5 f5 31. Kb3 e4 32. Kc3 Ne8 33. Bg8 Nf6
34. Bd5 Nxd5+ 35. cxd5 Kd6 36. Kc4 f4 37. Kd4 e3 38. fxe3 fxe3 39. Kxe3 Kxd5
40. Kf4 b5 41. Ke3 Kc4 42. Ke4 b4 43. Ke5 a4 44. Ke6 b3 45. axb3+ axb3 46. Kf7
g5 47. Kg7 b2 48. Kxh7 b1=Q+ 49. Kh6 Qc2 50. g4 Qxh2+ 51. Kxg5 Qh8 52. Kg6 Qg8+
53. Kf5 Kd5 54. g5 Qg7 55. g6 Kd6 56. Kg5 Ke6 0-1

[Event "NATO-ch 22nd"]
[Site "Kaunas"]
[Date "2011.08.10"]
[Round "4.32"]
[White "Voroblievas, Arturas"]
[Black "Cheung, Jan W"]
[Result "0-1"]
[WhiteElo "1857"]
[BlackElo "2024"]
[PlyCount "76"]
[EventDate "2011.08.??"]
[EventType "swiss"]
[EventRounds "7"]
[EventCountry "LTU"]
[WhiteTeam "LTU"]
[BlackTeam "NED"]

1. e4 c5 2. Nf3 d6 3. d4 cxd4 4. Nxd4 Nf6 5. Nc3 Nc6 6. Bg5 Bd7 7. Qd2 Rc8 8.
O-O-O Nxd4 9. Qxd4 Qa5 10. f4 Rxc3 11. Qxc3 Qxc3 12. bxc3 Nxe4 13. Re1 Bc6 14.
Kb2 Nxg5 15. fxg5 e5 16. Rg1 Be7 17. h4 h6 18. gxh6 Rxh6 19. g3 f5 20. Bc4 Bd8
21. Rgf1 Rf6 22. Bg8 Bb6 23. Rd1 Bc5 24. Bd5 Bxd5 25. Rxd5 Ke7 26. c4 Ke6 27.
c3 Rg6 28. Rf3 Rg4 29. Kb3 g6 30. Rd1 e4 31. Re1 Kf6 32. Rf4 Rxf4 33. gxf4 Bf2
34. Rh1 Bg3 35. Rf1 e3 36. c5 e2 37. Rg1 e1=Q 38. Rxe1 Bxe1 0-1

[Event "NATO-ch 22nd"]
[Site "Kaunas"]
[Date "2011.08.10"]
[Round "4.34"]
[White "Lustig, Mickael"]
[Black "Csizmadia, Csaba"]
[Result "1-0"]
[WhiteElo "2019"]
[BlackElo "1888"]
[PlyCount "153"]
[EventDate "2011.08.??"]
[EventType "swiss"]
[EventRounds "7"]
[EventCountry "LTU"]
[WhiteTeam "NATO"]
[BlackTeam "HUN"]

1. e4 c5 2. Ne2 e6 3. Nbc3 a6 4. g3 Nc6 5. Bg2 Qc7 6. d3 b5 7. Be3 Bb7 8. a3 d6
9. O-O g6 10. f4 Bg7 11. d4 cxd4 12. Nxd4 Nge7 13. f5 exf5 14. exf5 Be5 15.
fxg6 hxg6 16. Nd5 Nxd5 17. Bxd5 f5 18. Ne6 Qh7 19. h4 Nd8 20. Ng5 Qg7 21. Re1
Ke7 22. Bxb7 Nxb7 23. Qd5 Rhb8 24. Rad1 Qg8 25. Qxg8 Rxg8 26. Bf4 Kf6 27. Bxe5+
dxe5 28. Rd7 Rg7 29. Nh7+ Rxh7 30. Rxh7 Nd6 31. Rd1 Ne4 32. Kg2 Rc8 33. c3 Rc6
34. Rdd7 Nd6 35. Rc7 Rb6 36. b3 e4 37. Kf2 a5 38. Rh8 a4 39. Rf8+ Ke6 40. b4
Nc4 41. Rxc4 bxc4 42. Rg8 Kd5 43. Ra8 Ke5 44. Ra5+ Kf6 45. Rd5 Ke6 {(=)} 46.
Rd4 Rc6 47. Ke3 Ke5 48. b5 Rc5 49. b6 Rb5 50. Rxc4 Rxb6 51. Rxa4 Rb3 52. Ra5+
Kf6 53. Kd4 Rb1 54. Ra6+ Kg7 55. a4 Rg1 56. a5 Rxg3 57. Ra7+ Kf6 58. a6 Rd3+
59. Kc4 Rd8 60. Rb7 Ke5 61. a7 Ra8 62. Re7+ Kf4 63. Kb5 e3 64. Kb6 Kf3 65. c4
e2 66. Kb7 Rg8 67. a8=Q Rxa8 68. Kxa8 Kf2 69. c5 e1=Q 70. Rxe1 Kxe1 71. c6 f4
72. c7 f3 73. c8=Q f2 74. Qe6+ Kd2 75. Qf6 Ke2 76. Qxg6 f1=Q 77. Qa6+ 1-0

[Event "NATO-ch 22nd"]
[Site "Kaunas"]
[Date "2011.08.10"]
[Round "4.35"]
[White "De Cat, Ben"]
[Black "Dawson, David"]
[Result "0-1"]
[WhiteElo "1900"]
[BlackElo "2000"]
[PlyCount "51"]
[EventDate "2011.08.??"]
[EventType "swiss"]
[EventRounds "7"]
[EventCountry "LTU"]
[WhiteTeam "BEL"]
[BlackTeam "ENG"]

1. Nf3 e6 2. d3 b6 3. e4 d5 4. Nbd2 Nf6 5. c3 Bb7 6. Qc2 c5 7. Be2 Be7 8. h3
Nc6 9. g4 h6 10. Nf1 Qc7 11. Ng3 Bd6 12. Rg1 O-O-O 13. Bd2 Ne5 14. a4 Nxd3+ 15.
Bxd3 Bxg3 16. exd5 Bh2 17. Nxh2 Qxh2 18. O-O-O Nxd5 19. c4 Nf4 20. Bxf4 Qxf4+
21. Kb1 Rd4 22. Qd2 Qxd2 23. Rxd2 Rhd8 24. Kc2 Be4 25. Rgd1 Rxc4+ 26. Kb3 0-1

[Event "NATO-ch 22nd"]
[Site "Kaunas"]
[Date "2011.08.10"]
[Round "4.36"]
[White "Patron, Pascal"]
[Black "Fissel, Daniel"]
[Result "1-0"]
[WhiteElo "1997"]
[BlackElo "1534"]
[PlyCount "57"]
[EventDate "2011.08.??"]
[EventType "swiss"]
[EventRounds "7"]
[EventCountry "LTU"]
[WhiteTeam "NATO"]
[BlackTeam "USA"]

1. e4 d5 2. exd5 Nf6 3. Nf3 Nxd5 4. Bc4 Bg4 5. Nc3 e6 6. Qe2 Nf4 7. Qe4 Nxg2+
8. Kf1 Bxf3 9. Qxf3 Nh4 10. Qxb7 Nd7 11. Nb5 Bd6 12. Nxd6+ cxd6 13. Bb5 O-O 14.
Qxd7 Qg5 15. Rg1 Qh5 16. Be2 Nf3 17. Rg3 Nxh2+ 18. Ke1 Qe5 19. Qe7 Qe4 20. Qg5
g6 21. d3 Qh1+ 22. Rg1 Nf3+ 23. Bxf3 Qxf3 24. Qf4 Qc6 25. Qf6 Qc5 26. Bh6 Qe5+
27. Qxe5 dxe5 28. Bxf8 Rxf8 29. Kd2 1-0

[Event "NATO-ch 22nd"]
[Site "Kaunas"]
[Date "2011.08.10"]
[Round "4.38"]
[White "Vinoya, Mario"]
[Black "Stone, Stephen"]
[Result "1-0"]
[WhiteElo "1953"]
[BlackElo "1609"]
[PlyCount "64"]
[EventDate "2011.08.??"]
[EventType "swiss"]
[EventRounds "7"]
[EventCountry "LTU"]
[WhiteTeam "USA"]
[BlackTeam "CAN"]

1. d4 c5 2. c4 cxd4 3. Qxd4 Nc6 4. Qd1 g6 5. Nf3 Bg7 6. a3 Nf6 7. Nc3 O-O 8. e4
d6 9. h3 a5 10. Be2 Bd7 11. O-O a4 12. Qc2 Na5 13. Be3 Rc8 14. Nd2 e6 15. Nxa4
Bxa4 16. Qxa4 Nd7 17. Qb5 b6 18. Rac1 Nc6 19. Rfd1 Bd4 20. Nf1 Bxe3 21. Nxe3
Qc7 22. Nd5 Qd8 23. Nb4 Nce5 24. f4 Rc5 25. Qa4 Ra5 26. Qc2 Qc7 27. fxe5 Rxe5
28. Bf3 Rc8 29. Qe2 Qc5+ 30. Kh1 Nf6 31. Nd3 Qd4 32. Nxe5 Qxe5 1-0

[Event "NATO-ch 22nd"]
[Site "Kaunas"]
[Date "2011.08.10"]
[Round "4.39"]
[White "Almonti, Alessandro"]
[Black "Cappon, Kaan"]
[Result "1-0"]
[WhiteElo "2022"]
[BlackElo "1899"]
[PlyCount "49"]
[EventDate "2011.08.??"]
[EventType "swiss"]
[EventRounds "7"]
[EventCountry "LTU"]
[WhiteTeam "ITA"]
[BlackTeam "BEL"]

1. c4 Nf6 2. g3 g6 3. Bg2 Bg7 4. Nc3 c5 5. Nf3 Nc6 6. O-O O-O 7. d4 cxd4 8.
Nxd4 a6 9. h3 Qc7 10. Bg5 Nxd4 11. Qxd4 Nh5 12. Qd3 Qe5 13. Be3 e6 14. Rfd1 d5
15. cxd5 exd5 16. Qxd5 Be6 17. Qxe5 Bxe5 18. Bd4 Bxd4 19. Rxd4 b5 20. Bxa8 Rxa8
21. Kg2 Ng7 22. Rad1 Nf5 23. Rd8+ Rxd8 24. Rxd8+ Kg7 25. a3 1-0

[Event "NATO-ch 22nd"]
[Site "Kaunas"]
[Date "2011.08.10"]
[Round "4.40"]
[White "Adkins, James D"]
[Black "Jackson, Andy"]
[Result "1-0"]
[WhiteElo "2016"]
[BlackElo "1840"]
[PlyCount "37"]
[EventDate "2011.08.??"]
[EventType "swiss"]
[EventRounds "7"]
[EventCountry "LTU"]
[WhiteTeam "USA"]
[BlackTeam "BEL"]

1. f4 d5 2. b3 c5 3. e3 Nf6 4. Bb2 Bg4 5. Nf3 Nc6 6. Bb5 Qd6 7. h3 Bf5 8. Ne5
Be4 9. O-O a6 10. Bxc6+ bxc6 11. d3 Bf5 12. Nd2 Nd7 13. Qf3 f6 14. Nxd7 Kxd7
15. e4 Be6 16. e5 Qc7 17. f5 Bg8 18. e6+ Kc8 19. c4 1-0

[Event "NATO-ch 22nd"]
[Site "Kaunas"]
[Date "2011.08.10"]
[Round "4.41"]
[White "Skwarczynski, Marcin"]
[Black "Crapulli, Giuseppe"]
[Result "1-0"]
[WhiteElo "2011"]
[BlackElo "1976"]
[PlyCount "53"]
[EventDate "2011.08.??"]
[EventType "swiss"]
[EventRounds "7"]
[EventCountry "LTU"]
[WhiteTeam "NATO"]
[BlackTeam "ITA"]

1. e4 c5 2. Nc3 Nc6 3. f4 g6 4. Bc4 Bg7 5. Nf3 e6 6. O-O a6 7. a4 Nge7 8. Kh1
d5 9. Bb3 c4 10. Ba2 d4 11. Ne2 d3 12. Ng3 b5 13. Bb1 dxc2 14. Bxc2 Bb7 15.
axb5 axb5 16. Rxa8 Bxa8 17. d3 cxd3 18. Bxd3 Qb6 19. Qe2 O-O 20. f5 exf5 21.
exf5 Nd5 22. fxg6 hxg6 23. Bxb5 Rb8 24. Bd3 Bxb2 25. Bxg6 Bxc1 26. Bxf7+ Kxf7
27. Ng5+ 1-0

[Event "NATO-ch 22nd"]
[Site "Kaunas"]
[Date "2011.08.10"]
[Round "4.43"]
[White "Steffers, Hendrik"]
[Black "Landry, Guillaume"]
[Result "1-0"]
[WhiteElo "1959"]
[BlackElo "1274"]
[PlyCount "67"]
[EventDate "2011.08.??"]
[EventType "swiss"]
[EventRounds "7"]
[EventCountry "LTU"]
[WhiteTeam "NATO"]
[BlackTeam "CAN"]

1. d4 Nf6 2. Nf3 d5 3. e3 Bf5 4. c4 Nbd7 5. Nc3 c6 6. cxd5 Nxd5 7. Nxd5 cxd5 8.
Qb3 Nb6 9. Bb5+ Bd7 10. Ne5 e6 11. Bxd7+ Nxd7 12. Qa4 f6 13. Nd3 Bd6 14. Bd2
O-O 15. O-O Nb6 16. Qd1 Nc4 17. b3 Nxd2 18. Qxd2 Qb6 19. b4 e5 20. Nc5 Bxc5 21.
dxc5 Qa6 22. Qxd5+ Kh8 23. Rfd1 h6 24. Qb3 Qe2 25. Re1 Qa6 26. Rad1 Rad8 27. a4
b6 28. b5 Qa5 29. c6 e4 30. Kf1 Rd3 31. Rxd3 exd3 32. Qxd3 Qxa4 33. c7 Qa2 34.
Rd1 1-0

[Event "NATO-ch 22nd"]
[Site "Kaunas"]
[Date "2011.08.10"]
[Round "4.44"]
[White "Cohnen, Michael"]
[Black "Ghiacy, Jelani"]
[Result "1-0"]
[WhiteElo "1777"]
[BlackElo "1154"]
[PlyCount "77"]
[EventDate "2011.08.??"]
[EventType "swiss"]
[EventRounds "7"]
[EventCountry "LTU"]
[WhiteTeam "NATO"]
[BlackTeam "CAN"]

1. d4 d5 2. c4 Nf6 3. Nc3 c6 4. Nf3 h6 5. Bf4 Bf5 6. e3 e6 7. cxd5 Nxd5 8. Nxd5
Qxd5 9. a3 Bg4 10. Be2 Bxf3 11. Bxf3 Qa5+ 12. b4 Qd8 13. O-O Bd6 14. Bxd6 Qxd6
15. Qc2 O-O 16. Rac1 Nd7 17. Rfd1 Rac8 18. Qb3 a6 19. Rc2 Rc7 20. Rdc1 Rfc8 21.
h3 Nf6 22. g3 Nh7 23. Bg2 Kh8 24. Qb2 f6 25. Rc5 Ng5 26. f4 Nf7 27. h4 b6 28.
R5c2 Kh7 29. Qb1 g6 30. h5 f5 31. hxg6+ Kxg6 32. Kf2 h5 33. Bf3 Nh6 34. Rh1
Ng4+ 35. Ke2 Rh8 36. Bxg4 Kf6 37. Bf3 Qd7 38. Qc1 c5 39. dxc5 $138 1-0